[Event "DEN-chT XtraCon 2018-19"]
[Site "Denmark"]
[Date "2019.03.16"]
[Round "8"]
[White "Vang Glud, Jakob"]
[Black "Hillarp Persson, Tiger"]
[Result "1/2-1/2"]
[WhiteElo "2551"]
[BlackElo "2558"]
[Annotator "ChessBase"]
[PlyCount "104"]
[EventDate "2018.10.27"]
[EventType "team-tourn"]
[EventCountry "DEN"]
[SourceTitle "playchess.com"]
[Source "ChessBase"]
[SourceQuality "1"]
[TimeControl "40/5400+30:1800+30"]

1. c4 {[%emt 0:00:00]} Nf6 {[%emt 0:00:00]} 2. g3 {[%emt 0:00:00]} g6 {[%emt 0:00:00]} 3. Bg2 {[%emt 0:00:00]} Bg7 {[%emt 0:00:00]} 4. Nc3 {[%emt 0:00:00]} O-O {[%emt 0:00:00]} 5. Nf3 {[%emt 0:03:56]} d6 {[%emt 0:00:17]} 6. O-O {[%emt 0:00:06]} Nc6 {[%emt 0:01:54]} 7. d3 {[%emt 0:00:11]} a6 {[%emt 0:00:37]} 8. a3 {[%emt 0:03:57]} e5 {[%emt 0:07:20]} 9. Rb1 {[%emt 0:00:45]} Re8 {[%emt 0:01:33]} 10. Nd2 {[%emt 0:00:52]} Nd4 {[%emt 0:12:58]} 11. b4 {[%emt 0:01:10]} c6 {[%emt 0:00:34]} 12. e3 {[%emt 0:00:32]} Nf5 {[%emt 0:02:04]} 13. Nde4 {[%emt 0:01:41]} Be6 {[%emt 0:06:29]} 14. Bb2 {[%emt 0:09:37]} d5 {[%emt 0:06:56]} 15. cxd5 {[%emt 0:00:23]} cxd5 {[%emt 0:00:19]} 16. Nc5 {[%emt 0:00:19]} Bc8 {[%emt 0:00:21]} 17. e4 {[%emt 0:03:37]} dxe4 {[%emt 0:01:16]} 18. N3xe4 {[%emt 0:01:02]} Rb8 {[%emt 0:02:47]} 19. Re1 {[%emt 0:07:57]} b6 {[%emt 0:05:25]} 20. Nxf6+ {[%emt 0:03:15]} Bxf6 {[%emt 0:00:08]} 21. Ne4 {[%emt 0:00:23]} Bg7 {[%emt 0:00:10]} 22. Qa4 {[%emt 0:04:23]} Qd7 {[%emt 0:07:13]} 23. Qxd7 {[%emt 0:04:00]} Bxd7 {[%emt 0:00:07]} 24. Nd2 {[%emt 0:00:03]} f6 {[%emt 0:18:57]} 25. Bd5+ {[%emt 0:06:31]} Be6 {[%emt 0:01:58]} 26. Bc4 {[%emt 0:06:30]} Bxc4 {[%emt 0:09:55]} 27. Nxc4 {[%emt 0:00:03]} Red8 {[%emt 0:00:31]} 28. Rbd1 {[%emt 0:00:05]} Kf7 {[%emt 0:00:58]} 29. Kf1 {[%emt 0:00:04]} Rb7 {[%emt 0:05:03]} 30. Ke2 {[%emt 0:05:03]} h5 {[%emt 0:00:31]} 31. Ne3 {[%emt 0:04:31]} Nxe3 {[%emt 0:02:22]} 32. fxe3 {[%emt 0:00:24]} Rc7 {[%emt 0:00:19]} 33. Rc1 {[%emt 0:00:19]} Rdc8 {[%emt 0:00:07]} 34. Rxc7+ {[%emt 0:00:57]} Rxc7 {[%emt 0:00:06]} 35. Rc1 {[%emt 0:00:23]} Rxc1 {[%emt 0:00:12]} 36. Bxc1 {[%emt 0:00:02]} Bh6 {[%emt 0:01:26]} 37. Bb2 {[%emt 0:02:01]} Ke6 {[%emt 0:00:08]} 38. a4 {[%emt 0:04:30]} b5 {[%emt 0:00:07]} 39. axb5 {[%emt 0:00:04]} axb5 {[%emt 0:00:07]} 40. Bc3 {[%emt 0:01:22]} g5 {[%emt 0:05:13]} 41. h3 {[%emt 0:31:15]} g4 {[%emt 0:33:15]} 42. hxg4 {[%emt 0:01:12]} hxg4 {[%emt 0:00:09]} 43. e4 {[%emt 0:00:09]} f5 {[%emt 0:00:07]} 44. Kf2 {[%emt 0:00:26]} Bc1 {[%emt 0:01:00]} 45. Ke2 {[%emt 0:01:36]} f4 {[%emt 0:00:00]} 46. Kf2 {[%emt 0:00:00]} Be3+ {[%emt 0:00:00]} 47. Kg2 {[%emt 0:00:00]} Kd6 {[%emt 0:00:00]} 48. Be1 {[%emt 0:00:00]} Ke7 {[%emt 0:00:00]} 49. Bc3 {[%emt 0:00:00]} Ke6 {[%emt 0:00:00]} 50. Be1 {[%emt 0:00:00]} Bd4 {[%emt 0:00:00]} 51. Bd2 {[%emt 0:00:00]} f3+ {[%emt 0:00:00]} 52. Kf1 {[%emt 0:00:00]} Kf6 {[%emt 0:00:00]} 1/2-1/2

[Event "DEN-chT XtraCon 2018-19"]
[Site "Denmark"]
[Date "2019.03.16"]
[Round "8"]
[White "Brunello, Sabino"]
[Black "Pedersen, Nikcolai V."]
[Result "1/2-1/2"]
[WhiteElo "2538"]
[BlackElo "2384"]
[Annotator "ChessBase"]
[PlyCount "85"]
[EventDate "2018.10.27"]
[EventType "team-tourn"]
[EventCountry "DEN"]
[SourceTitle "playchess.com"]
[Source "ChessBase"]
[SourceQuality "1"]
[TimeControl "40/5400+30:1800+30"]

1. d4 {[%emt 0:00:00]} Nf6 {[%emt 0:00:00]} 2. Nf3 {[%emt 0:00:03]} e6 {[%emt 0:00:14]} 3. c4 {[%emt 0:03:02]} Bb4+ {[%emt 0:02:30]} 4. Bd2 {[%emt 0:04:42]} c5 {[%emt 0:01:30]} 5. Bxb4 {[%emt 0:01:17]} cxb4 {[%emt 0:00:06]} 6. e3 {[%emt 0:00:31]} b6 {[%emt 0:01:35]} 7. a3 {[%emt 0:05:03]} bxa3 {[%emt 0:13:53]} 8. b4 {[%emt 0:01:23]} Qe7 {[%emt 0:02:36]} 9. Qb3 {[%emt 0:04:48]} Bb7 {[%emt 0:15:08]} 10. Be2 {[%emt 0:05:29]} Ne4 {[%emt 0:17:32]} 11. O-O {[%emt 0:03:56]} O-O {[%emt 0:02:07]} 12. Rxa3 {[%emt 0:04:38]} Nc6 {[%emt 0:10:16]} 13. b5 {[%emt 0:08:57]} Na5 {[%emt 0:02:01]} 14. Qa2 {[%emt 0:01:13]} a6 {[%emt 0:04:48]} 15. bxa6 {[%emt 0:03:53]} Bxa6 {[%emt 0:00:34]} 16. Nbd2 {[%emt 0:00:47]} Nxd2 {[%emt 0:01:59]} 17. Nxd2 {[%emt 0:00:04]} d5 {[%emt 0:03:32]} 18. Rb1 {[%emt 0:05:34]} Rac8 {[%emt 0:06:24]} 19. Rxb6 {[%emt 0:09:36]} Bxc4 {[%emt 0:00:29]} 20. Nxc4 {[%emt 0:02:58]} Nxc4 {[%emt 0:00:10]} 21. Bxc4 {[%emt 0:08:43]} Rxc4 {[%emt 0:01:47]} 22. g3 {[%emt 0:00:27]} Qc7 {[%emt 0:01:47]} 23. Rb2 {[%emt 0:01:25]} Rc1+ {[%emt 0:01:56]} 24. Kg2 {[%emt 0:00:01]} Qc4 {[%emt 0:03:43]} 25. Qxc4 {[%emt 0:00:14]} Rxc4 {[%emt 0:00:24]} 26. Ra7 {[%emt 0:00:27]} h5 {[%emt 0:00:54]} 27. Kf3 {[%emt 0:04:44]} Kh7 {[%emt 0:00:11]} 28. h4 {[%emt 0:01:57]} Kg6 {[%emt 0:00:23]} 29. Rd7 {[%emt 0:03:18]} Kf6 {[%emt 0:01:46]} 30. Rb6 {[%emt 0:02:56]} Kf5 {[%emt 0:01:47]} 31. Rbb7 {[%emt 0:00:59]} Kf6 {[%emt 0:00:24]} 32. Kf4 {[%emt 0:01:11]} Rcc8 {[%emt 0:01:02]} 33. f3 {[%emt 0:02:45]} Rcd8 {[%emt 0:00:37]} 34. Rdc7 {[%emt 0:04:29]} Rc8 {[%emt 0:00:14]} 35. e4 {[%emt 0:00:11]} Rxc7 {[%emt 0:00:35]} 36. Rxc7 {[%emt 0:00:07]} dxe4 {[%emt 0:00:39]} 37. fxe4 {[%emt 0:00:22]} Ra8 {[%emt 0:00:40]} 38. Rc5 {[%emt 0:01:34]} Ra4 {[%emt 0:00:39]} 39. Ke3 {[%emt 0:00:20]} Ra3+ {[%emt 0:00:14]} 40. Kf4 {[%emt 0:00:05]} Rd3 {[%emt 0:00:36]} 41. Rxh5 {[%emt 0:31:19]} Rxd4 {[%emt 0:30:42]} 42. g4 {[%emt 0:02:17]} g6 {[%emt 0:00:00]} 43. Ra5 {[%emt 0:00:00] Ke5+} 1/2-1/2

[Event "DEN-chT XtraCon 2018-19"]
[Site "Denmark"]
[Date "2019.03.16"]
[Round "8"]
[White "Sondergaard Thybo, Jesper"]
[Black "Berg Hansen, Sune"]
[Result "0-1"]
[WhiteElo "2525"]
[BlackElo "2587"]
[Annotator "TA"]
[PlyCount "84"]
[EventDate "2018.10.27"]
[EventType "team-tourn"]
[EventCountry "DEN"]
[SourceTitle "playchess.com"]
[Source "ChessBase"]
[SourceQuality "1"]

{[%evp 11,84,0,27,24,25,22,91,85,67,74,104,111,133,85,66,82,95,68,65,67,79,69,89,-41,16,0,16,0,0,0,-6,-20,-17,-18,-21,-8,-16,-67,0,0,0,0,27,32,56,68,208,107,120,114,116,54,69,57,91,89,98,100,159,160,155,152,167,149,142,19,31,10,18,-493,-435,-449,-449,-427,-427]} 1. d4 Nf6 2. c4 e6 3. Nf3 b6 4. g3 Ba6 5. Qb3 Nc6 6. Nbd2 Na5 7. Qc3 {E15: Queen's Indian: 4 g3 sidelines, 4 g3 Ba6 and 4 g3 Bb7 early deviations} d5 {[%cal Rd5c4]} 8. c5 Rc8 (8... Rb8 $11 {remains equal.}) 9. b4 $16 {White is better.} Nc4 10. Nxc4 dxc4 11. Bg2 $146 (11. Bg5 Be7 12. Bxf6 Bxf6 13. Bg2 Bb7 14. Qxc4 Bxf3 15. Bxf3 Qxd4 16. Qb5+ Ke7 17. O-O Rhd8 18. Rad1 Qe5 19. Qa6 bxc5 {½-½ (19) Goganov,A (2612)-Zhigalko,S (2604) St Petersburg 2018}) 11... c6 12. Ne5 Nd5 13. Qa3 Nxb4 14. Qxb4 Qxd4 15. Bxc6+ Rxc6 16. Nxc6 Qd5 (16... Qxa1 17. Qd2 $11) 17. O-O ({White should play} 17. f3 $1 $16 Qxc6 18. Qa3) 17... Qxc6 ({Better is} 17... Bxc5 $15 18. Qa4 Bb5 {[%mdl 64] Double Attack}) 18. Be3 $1 $11 Be7 (18... Bb7 19. f3 $14) 19. Qa3 bxc5 20. Rab1 {aiming for Rb8+.} O-O (20... Bb7 $2 21. f3 $18) 21. f3 h5 22. Kf2 Rc8 23. Rfd1 Bf6 24. Bf4 (24. Qa5 $11) 24... e5 (24... Bd4+ $1 $15 25. e3 c3) 25. Bd2 e4 {White must now prevent ...exf3.} 26. Bc3 Re8 27. Bxf6 Qxf6 28. Qe3 Re6 (28... Qf5 $14) 29. f4 ({White should try} 29. Rb8+ $18 Kh7 30. Qxc5) 29... Qf5 $16 30. Rb8+ {[%mdl 1024] White has strong compensation.} Kh7 31. Rbd8 (31. Rdd8 $16) 31... c3 32. Kg2 (32. Qxc3 Qh3 $15) 32... c2 33. Rc1 h4 34. Rxc2 hxg3 (34... c4 $142) 35. Rxc5 (35. hxg3 Rh6 $11) 35... Qg4 36. Rg5 ({Resist} 36. hxg3 $6 Bxe2 37. Rcc8 Kg6 $14) 36... Qxe2+ 37. Qxe2 Bxe2 38. hxg3 {KRR-KRB} (38. Rd7 $1 $16) 38... f6 39. Ra5 {Hoping for Kf2.} e3 {And now ...Bg4 would win.} 40. Ra3 $2 {[%mdl 8192]} ({Avoid the trap} 40. Rxa7 $2 Bf3+ $1 {[%mdl 512]} 41. Kxf3 (41. Kf1 {leads to mate.} Rc6 42. Rad7 Rc1+ 43. Rd1 Rxd1+ 44. Rxd1 e2+ {[%mdl 64] Double Attack} 45. Kf2 exd1=Q 46. Ke3 Be2 47. f5 Qd3+ 48. Kf2 Qf3+ 49. Ke1 Qe3 50. a4 Bg4+ {[%mdl 64] Discovered Attack} 51. Kf1 Bh3#) 41... e2 $19) (40. Rc8 $11) 40... Bg4 $19 {( -> ...e2). Black is clearly winning.} 41. Kf1 {[#]} e2+ $1 42. Ke1 {[#]} Rc6 $1 {Accuracy: White = 48%, Black = 55%.} 0-1

[Event "DEN-chT XtraCon 2018-19"]
[Site "Denmark"]
[Date "2019.03.16"]
[Round "8"]
[White "Schandorf, Lars"]
[Black "Rasmussen, Allan Stig"]
[Result "1/2-1/2"]
[WhiteElo "2496"]
[BlackElo "2547"]
[Annotator "ChessBase"]
[PlyCount "68"]
[EventDate "2018.10.27"]
[EventType "team-tourn"]
[EventCountry "DEN"]
[SourceTitle "playchess.com"]
[Source "ChessBase"]
[SourceQuality "1"]
[TimeControl "40/5400+30:1800+30"]

1. c4 {[%emt 0:00:00]} e5 {[%emt 0:04:09]} 2. Nc3 {[%emt 0:00:00]} Nf6 {[%emt 0:00:09]} 3. Nf3 {[%emt 0:00:08]} Nc6 {[%emt 0:00:12]} 4. e3 {[%emt 0:00:44]} d6 {[%emt 0:08:01]} 5. d4 {[%emt 0:05:41]} g6 {[%emt 0:01:49]} 6. Be2 {[%emt 0:06:26]} exd4 {[%emt 0:07:17]} 7. Nxd4 {[%emt 0:05:59]} Nxd4 {[%emt 0:02:55]} 8. exd4 {[%emt 0:05:57]} Bg7 {[%emt 0:01:14]} 9. O-O {[%emt 0:00:12]} O-O {[%emt 0:00:13]} 10. Be3 {[%emt 0:05:41]} Re8 {[%emt 0:02:44]} 11. Qd2 {[%emt 0:02:03]} c6 {[%emt 0:09:37]} 12. Rfe1 {[%emt 0:04:52]} Be6 {[%emt 0:08:01]} 13. Bg5 {[%emt 0:07:31]} Qb6 {[%emt 0:08:09]} 14. Rad1 {[%emt 0:00:39]} Bf5 {[%emt 0:04:53]} 15. Bf3 {[%emt 0:07:40]} h6 {[%emt 0:09:29]} 16. Bf4 {[%emt 0:09:23]} Qb4 {[%emt 0:00:25]} 17. Be2 {[%emt 0:10:19]} Rad8 {[%emt 0:03:59]} 18. Ne4 {[%emt 0:10:04]} Qxd2 {[%emt 0:00:26]} 19. Nxf6+ {[%emt 0:00:20]} Bxf6 {[%emt 0:00:08]} 20. Rxd2 {[%emt 0:00:05]} c5 {[%emt 0:03:53]} 21. dxc5 {[%emt 0:04:52]} dxc5 {[%emt 0:00:09]} 22. Red1 {[%emt 0:04:02]} Rxd2 {[%emt 0:15:47]} 23. Rxd2 {[%emt 0:00:07]} Kg7 {[%emt 0:00:36]} 24. Be3 {[%emt 0:00:37]} b6 {[%emt 0:00:28]} 25. g3 {[%emt 0:06:21]} Rd8 {[%emt 0:05:25]} 26. Rxd8 {[%emt 0:00:39]} Bxd8 {[%emt 0:00:01]} 27. a3 {[%emt 0:01:25]} Bf6 {[%emt 0:01:47]} 28. b4 {[%emt 0:00:43]} cxb4 {[%emt 0:01:12]} 29. axb4 {[%emt 0:00:06]} a5 {[%emt 0:00:30]} 30. c5 {[%emt 0:01:44]} axb4 {[%emt 0:00:40]} 31. cxb6 {[%emt 0:00:05]} b3 {[%emt 0:00:29]} 32. b7 {[%emt 0:00:36]} b2 {[%emt 0:00:34]} 33. b8=Q {[%emt 0:00:13]} b1=Q+ {[%emt 0:00:06]} 34. Qxb1 {[%emt 0:00:07]} Bxb1 {[%emt 0:00:07]} 1/2-1/2

[Event "DEN-chT XtraCon 2018-19"]
[Site "Denmark"]
[Date "2019.03.16"]
[Round "8"]
[White "Danielsen, Henrik"]
[Black "Boe, Mads"]
[Result "1-0"]
[WhiteElo "2493"]
[BlackElo "2295"]
[Annotator "ChessBase"]
[PlyCount "71"]
[EventDate "2018.10.27"]
[EventType "team-tourn"]
[EventCountry "DEN"]
[SourceTitle "playchess.com"]
[Source "ChessBase"]
[SourceQuality "1"]
[TimeControl "40/5400+30:1800+30"]

1. e4 {[%emt 0:00:00]} c6 {[%emt 0:00:00]} 2. d3 {[%emt 0:01:03]} d5 {[%emt 0:00:00]} 3. Nf3 {[%emt 0:00:13]} dxe4 {[%emt 0:05:05]} 4. dxe4 {[%emt 0:00:11]} Qxd1+ {[%emt 0:00:09]} 5. Kxd1 {[%emt 0:00:04]} Bg4 {[%emt 0:07:46]} 6. Be3 {[%emt 0:00:17]} Nf6 {[%emt 0:07:26]} 7. Bd3 {[%emt 0:00:12]} Nbd7 {[%emt 0:01:56]} 8. Nbd2 {[%emt 0:00:09]} e6 {[%emt 0:03:36]} 9. Ke2 {[%emt 0:02:52]} Bc5 {[%emt 0:16:22]} 10. h3 {[%emt 0:00:50]} Bxf3+ {[%emt 0:01:05]} 11. Kxf3 {[%emt 0:02:10]} Bxe3 {[%emt 0:01:36]} 12. Kxe3 {[%emt 0:00:08]} Ke7 {[%emt 0:01:09]} 13. f4 {[%emt 0:02:57]} e5 {[%emt 0:03:00]} 14. g3 {[%emt 0:02:33]} Ne8 {[%emt 0:07:14]} 15. Nc4 {[%emt 0:01:15]} f6 {[%emt 0:00:48]} 16. Rhd1 {[%emt 0:02:19]} Nd6 {[%emt 0:07:23]} 17. Na5 {[%emt 0:02:00]} Rac8 {[%emt 0:01:54]} 18. Rd2 {[%emt 0:03:48]} Nc5 {[%emt 0:05:06]} 19. b4 {[%emt 0:08:34]} Nxd3 {[%emt 0:04:17]} 20. cxd3 {[%emt 0:00:03]} c5 {[%emt 0:00:35]} 21. b5 {[%emt 0:04:53]} g5 {[%emt 0:08:52]} 22. fxe5 {[%emt 0:01:10]} fxe5 {[%emt 0:00:06]} 23. Nc4 {[%emt 0:00:08]} Ke6 {[%emt 0:02:18]} 24. Nxd6 {[%emt 0:07:06]} Kxd6 {[%emt 0:00:26]} 25. Rf1 {[%emt 0:00:03]} Rhf8 {[%emt 0:00:17]} 26. Rf5 {[%emt 0:00:17]} Rxf5 {[%emt 0:03:00]} 27. exf5 {[%emt 0:00:01]} Kd5 {[%emt 0:01:01]} 28. Rf2 {[%emt 0:00:24]} Rf8 {[%emt 0:02:32]} 29. g4 {[%emt 0:00:43]} Rf6 {[%emt 0:02:21]} 30. a4 {[%emt 0:00:12]} b6 {[%emt 0:02:13]} 31. Rf1 {[%emt 0:01:35]} Rf7 {[%emt 0:00:42]} 32. a5 {[%emt 0:07:10]} Rf6 {[%emt 0:02:37]} 33. axb6 {[%emt 0:00:36]} axb6 {[%emt 0:00:07]} 34. Rf2 {[%emt 0:00:09]} Rf7 {[%emt 0:00:37]} 35. Ra2 {[%emt 0:00:18]} Rf6 {[%emt 0:03:12]} 36. Ra7 {[%emt 0:00:11]} 1-0

[Event "DEN-chT XtraCon 2018-19"]
[Site "Denmark"]
[Date "2019.03.16"]
[Round "8"]
[White "Moller Ochsner, Bjorn"]
[Black "Banusz, Tamas"]
[Result "1/2-1/2"]
[WhiteElo "2483"]
[BlackElo "2614"]
[Annotator "ChessBase"]
[PlyCount "68"]
[EventDate "2018.10.27"]
[EventType "team-tourn"]
[EventCountry "DEN"]
[SourceTitle "playchess.com"]
[Source "ChessBase"]
[SourceQuality "1"]
[TimeControl "40/5400+30:1800+30"]

1. e4 {[%emt 0:00:00]} e5 {[%emt 0:00:00]} 2. Nf3 {[%emt 0:00:00]} Nc6 {[%emt 0:00:00]} 3. Bb5 {[%emt 0:00:00]} a6 {[%emt 0:00:04]} 4. Ba4 {[%emt 0:00:01]} Nf6 {[%emt 0:00:32]} 5. O-O {[%emt 0:00:27]} Be7 {[%emt 0:00:08]} 6. Re1 {[%emt 0:00:07]} b5 {[%emt 0:00:08]} 7. Bb3 {[%emt 0:00:02]} d6 {[%emt 0:00:08]} 8. c3 {[%emt 0:00:09]} O-O {[%emt 0:00:11]} 9. d4 {[%emt 0:00:11]} Bg4 {[%emt 0:00:41]} 10. Be3 {[%emt 0:00:11]} exd4 {[%emt 0:00:35]} 11. cxd4 {[%emt 0:00:11]} Na5 {[%emt 0:00:13]} 12. Bc2 {[%emt 0:00:14]} c5 {[%emt 0:00:06]} 13. h3 {[%emt 0:03:22]} Bh5 {[%emt 0:00:16]} 14. Nbd2 {[%emt 0:00:39]} cxd4 {[%emt 0:02:51]} 15. Bxd4 {[%emt 0:00:45]} Nc6 {[%emt 0:00:54]} 16. Be3 {[%emt 0:09:24]} d5 {[%emt 0:02:26]} 17. exd5 {[%emt 0:13:23]} Nxd5 {[%emt 0:00:47]} 18. Qb1 {[%emt 0:01:10]} Bg6 {[%emt 0:03:21]} 19. Bxg6 {[%emt 0:01:06]} hxg6 {[%emt 0:00:11]} 20. a4 {[%emt 0:04:02]} Rc8 {[%emt 0:04:10]} 21. axb5 {[%emt 0:12:17]} axb5 {[%emt 0:00:09]} 22. Ne4 {[%emt 0:01:45]} Nxe3 {[%emt 0:09:50]} 23. Rxe3 {[%emt 0:00:24]} Nb4 {[%emt 0:00:10]} 24. Nc3 {[%emt 0:09:49]} Bc5 {[%emt 0:01:16]} 25. Re2 {[%emt 0:01:20]} Re8 {[%emt 0:02:27]} 26. Rxe8+ {[%emt 0:05:17]} Qxe8 {[%emt 0:00:06]} 27. Qf1 {[%emt 0:01:09]} Rd8 {[%emt 0:02:17]} 28. Rd1 {[%emt 0:12:47]} Rxd1 {[%emt 0:00:44]} 29. Qxd1 {[%emt 0:00:29]} f6 {[%emt 0:00:54]} 30. Kf1 {[%emt 0:05:05]} Qe6 {[%emt 0:04:25]} 31. Nxb5 {[%emt 0:05:46]} Qc4+ {[%emt 0:00:33]} 32. Qe2 {[%emt 0:00:15]} Nd3 {[%emt 0:00:30]} 33. Ne1 {[%emt 0:01:57]} Nxb2 {[%emt 0:00:10]} 34. Qxc4+ {[%emt 0:00:11]} Nxc4 {[%emt 0:00:05]} 1/2-1/2

[Event "DEN-chT XtraCon 2018-19"]
[Site "Denmark"]
[Date "2019.03.16"]
[Round "8"]
[White "Hector, Jonny"]
[Black "Rodgaard, John"]
[Result "1/2-1/2"]
[WhiteElo "2468"]
[BlackElo "2281"]
[Annotator "ChessBase"]
[PlyCount "94"]
[EventDate "2018.10.27"]
[EventType "team-tourn"]
[EventCountry "DEN"]
[SourceTitle "playchess.com"]
[Source "ChessBase"]
[SourceQuality "1"]
[TimeControl "40/5400+30:1800+30"]

1. e4 {[%emt 0:00:00]} e6 {[%emt 0:00:00]} 2. d4 {[%emt 0:00:00]} d5 {[%emt 0:00:00]} 3. Nc3 {[%emt 0:00:00]} Bb4 {[%emt 0:00:05]} 4. Bd3 {[%emt 0:00:08]} dxe4 {[%emt 0:03:28]} 5. Bxe4 {[%emt 0:00:07]} Nf6 {[%emt 0:00:17]} 6. Bf3 {[%emt 0:00:09]} c5 {[%emt 0:00:50]} 7. Nge2 {[%emt 0:00:13]} Nc6 {[%emt 0:00:59]} 8. Be3 {[%emt 0:00:10]} cxd4 {[%emt 0:01:28]} 9. Nxd4 {[%emt 0:00:09]} Bxc3+ {[%emt 0:02:39]} 10. bxc3 {[%emt 0:00:09]} Ne5 {[%emt 0:01:34]} 11. Nb5 {[%emt 0:00:11]} Qa5 {[%emt 0:39:13]} 12. Be2 {[%emt 0:00:10]} O-O {[%emt 0:09:40]} 13. Qd6 {[%emt 0:11:27]} Nc6 {[%emt 0:06:10]} 14. O-O {[%emt 0:07:25]} Nd5 {[%emt 0:14:18]} 15. c4 {[%emt 0:11:42]} Nxe3 {[%emt 0:06:39]} 16. fxe3 {[%emt 0:00:14]} e5 {[%emt 0:01:46]} 17. Rad1 {[%emt 0:12:57]} Be6 {[%emt 0:02:09]} 18. Qc7 {[%emt 0:01:39]} Rfc8 {[%emt 0:00:54]} 19. Qxa5 {[%emt 0:07:51]} Nxa5 {[%emt 0:00:03]} 20. Nd6 {[%emt 0:00:27]} Rc7 {[%emt 0:00:45]} 21. Rd2 {[%emt 0:01:55]} g6 {[%emt 0:01:20]} 22. Rb1 {[%emt 0:03:21]} b6 {[%emt 0:02:03]} 23. Rb5 {[%emt 0:04:26]} Bxc4 {[%emt 0:01:44]} 24. Rxa5 {[%emt 0:02:00]} Bxe2 {[%emt 0:00:05]} 25. Rxe5 {[%emt 0:01:06]} Bc4 {[%emt 0:00:43]} 26. Nxc4 {[%emt 0:02:38]} Rxc4 {[%emt 0:00:02]} 27. Re7 {[%emt 0:00:16]} a5 {[%emt 0:00:50]} 28. Rb7 {[%emt 0:03:48]} Rc6 {[%emt 0:02:14]} 29. h4 {[%emt 0:07:20]} Rf6 {[%emt 0:01:17]} 30. Rc7 {[%emt 0:01:58]} Re8 {[%emt 0:00:28]} 31. Rc3 {[%emt 0:03:12]} Re4 {[%emt 0:00:46]} 32. Rd4 {[%emt 0:01:24]} Rxd4 {[%emt 0:00:16]} 33. exd4 {[%emt 0:00:06]} Rf4 {[%emt 0:00:19]} 34. Rc8+ {[%emt 0:00:09]} Kg7 {[%emt 0:00:04]} 35. c3 {[%emt 0:00:07]} b5 {[%emt 0:00:57]} 36. g3 {[%emt 0:04:32]} Rf3 {[%emt 0:00:20]} 37. Kg2 {[%emt 0:00:29]} Rd3 {[%emt 0:00:13]} 38. Kh3 {[%emt 0:03:24]} h5 {[%emt 0:00:44]} 39. Rc5 {[%emt 0:02:34]} b4 {[%emt 0:00:16]} 40. cxb4 {[%emt 0:00:12]} axb4 {[%emt 0:00:02]} 41. Rc4 {[%emt 0:30:25]} b3 {[%emt 0:30:19]} 42. axb3 {[%emt 0:00:06]} Rxb3 {[%emt 0:00:07]} 43. Kg2 {[%emt 0:02:21]} Rd3 {[%emt 0:01:47]} 44. Ra4 {[%emt 0:01:29]} Kf6 {[%emt 0:00:00]} 45. Ra6+ {[%emt 0:00:00]} Kf5 {[%emt 0:00:00]} 46. Ra5+ {[%emt 0:00:00]} Ke6 {[%emt 0:00:00]} 47. Ra6+ {[%emt 0:00:00]} Kf5 {[%emt 0:00:00]} 1/2-1/2

[Event "DEN-chT XtraCon 2018-19"]
[Site "Denmark"]
[Date "2019.03.16"]
[Round "8"]
[White "Mikkelsen, Nikolaj"]
[Black "Teplyi, Igor"]
[Result "1/2-1/2"]
[WhiteElo "2459"]
[BlackElo "2417"]
[Annotator "ChessBase"]
[PlyCount "36"]
[EventDate "2018.10.27"]
[EventType "team-tourn"]
[EventCountry "DEN"]
[SourceTitle "playchess.com"]
[Source "ChessBase"]
[SourceQuality "1"]
[TimeControl "40/5400+30:1800+30"]

1. e4 {[%emt 0:00:00]} c5 {[%emt 0:02:59]} 2. Nf3 {[%emt 0:00:00]} d6 {[%emt 0:00:05]} 3. Bb5+ {[%emt 0:00:32]} Nd7 {[%emt 0:00:09]} 4. O-O {[%emt 0:01:27]} a6 {[%emt 0:00:06]} 5. Bd3 {[%emt 0:00:42]} Ngf6 {[%emt 0:00:38]} 6. Qe2 {[%emt 0:03:47]} g6 {[%emt 0:10:31]} 7. c3 {[%emt 0:00:31]} Bh6 {[%emt 0:00:07]} 8. Bc2 {[%emt 0:13:15]} O-O {[%emt 0:00:25]} 9. d4 {[%emt 0:12:28]} Bxc1 {[%emt 0:00:11]} 10. Rxc1 {[%emt 0:00:04]} e5 {[%emt 0:06:51]} 11. Nbd2 {[%emt 0:17:21]} cxd4 {[%emt 0:02:11]} 12. cxd4 {[%emt 0:00:07]} exd4 {[%emt 0:00:44]} 13. Qc4 {[%emt 0:05:56]} Ne5 {[%emt 0:14:54]} 14. Qxd4 {[%emt 0:00:33]} Qe7 {[%emt 0:02:49]} 15. Bb3 {[%emt 0:09:59]} Bg4 {[%emt 0:10:07]} 16. Nxe5 {[%emt 0:01:18]} dxe5 {[%emt 0:00:12]} 17. Qc5 {[%emt 0:06:25]} Qxc5 {[%emt 0:05:42]} 18. Rxc5 {[%emt 0:00:06]} Rad8 {[%emt 0:00:55]} 1/2-1/2

[Event "DEN-chT XtraCon 2018-19"]
[Site "Denmark"]
[Date "2019.03.16"]
[Round "8"]
[White "Boe Olsen, Filip"]
[Black "David, Alberto"]
[Result "0-1"]
[WhiteElo "2423"]
[BlackElo "2559"]
[Annotator "TA"]
[PlyCount "102"]
[EventDate "2018.10.27"]
[EventType "team-tourn"]
[EventCountry "DEN"]
[SourceTitle "playchess.com"]
[Source "ChessBase"]
[SourceQuality "1"]

{[%evp 24,102,10,20,14,-8,16,5,33,36,53,27,27,29,47,0,0,0,0,0,0,0,0,0,0,-72,-67,-62,-50,-81,-67,-66,-76,-85,-58,-70,-78,-87,-79,-107,-118,-430,-385,-368,-365,-367,-396,-465,-437,-443,-437,-384,-414,-391,-379,-379,-379,-704,-695,-5289,-3724,-6566,-6414,-29970,-6187,-29976,-29977,-29977,-29978,-29980,-29981,-29979,-29981,-29987,-29988,-29987,-29986,-29989,-29990,-29991,-29992]} 1. d4 Nf6 2. c4 e6 3. Nc3 d5 4. cxd5 exd5 5. Bg5 c6 6. e3 Be7 7. Qc2 Nbd7 {[%cal Bb8d7,Bd7f8,Bf8e6][%mdl 32]} 8. Bd3 Nf8 9. Nge2 Ne6 10. Bh4 g6 11. O-O O-O 12. f3 b6 13. Rad1 Bb7 {D36: Queen's Gambit Declined: Exchange Variation: Main line (5 Bg5 c6 6 Qc2)} 14. Kh1 $146 (14. Qc1 Rc8 15. a3 a5 16. Qb1 Nh5 17. Bf2 Bd6 18. e4 Nhf4 19. Nxf4 Nxf4 20. Bg3 Ne6 21. e5 {0-1 (80) Korobov,A (2668)-Yilmaz,M (2640) Kocaeli 2017}) 14... Rc8 15. Bf2 c5 {The position is equal.} 16. dxc5 Nxc5 17. Nf4 (17. Bc4 $5) 17... Nxd3 18. Qxd3 Re8 19. Bh4 Nh5 $36 {[%mdl 2048] Black fights for an advantage.} 20. Nxh5 {[#] Threatens to win with Bxe7.} Bxh4 21. Nf4 {[%cal Rf4d5]} Bf6 22. Ncxd5 Bxb2 23. e4 Be5 24. Ne2 (24. Qa3 $11) 24... Bxd5 $17 25. exd5 Qd6 26. f4 Bg7 27. Rd2 Rc7 28. Rfd1 Rec8 29. g3 Rc4 30. Kg2 b5 31. Qf3 a5 32. Nd4 $2 {[%mdl 8192]} (32. Qd3 $17 {is a better chance.}) 32... Bxd4 $19 {[%mdl 64] [#] Overworked Piece} 33. Rxd4 Rxd4 34. Rxd4 {[%mdl 4096] Endgame KQR-KQR} Rc2+ {[%mdl 64] Double Attack} 35. Kh1 Rxa2 36. Qb3 Qc5 37. Qxa2 Qxd4 38. Qxa5 Qxd5+ {KQ-KQ} 39. Kg1 Qd4+ 40. Kg2 $2 (40. Kf1 b4 41. Qb5) 40... b4 41. Qa8+ Kg7 42. Qb7 Qc3 43. h4 b3 44. h5 Qc2+ {Black mates.} 45. Kh3 b2 46. Qb8 h6 47. Qe5+ Kh7 48. Qe7 Qf5+ 49. g4 Qxf4 50. Qb7 Qf1+ 51. Kh4 b1=Q {Accuracy: White = 28%, Black = 84%.} 0-1